| 000 | 01023 a2200253 4500 | ||
|---|---|---|---|
| 003 | Nust | ||
| 005 | 20230222102020.0 | ||
| 010 | _a 93036604 | ||
| 040 | _cNust | ||
| 082 | 0 | 0 | _a327.117, BUR |
| 100 | 1 |
_aBurrows, William E., _9109428 |
|
| 245 | 1 | 0 |
_aCritical mass : _bthe dangerous race for superweapons in a fragmenting world / _cWilliam E. Burrows & Robert Windrem. |
| 260 |
_aNew York : _bSimon and Schuster, _cc1994. |
||
| 300 |
_a573 p. : _bill. ; _c25 cm. |
||
| 505 | _aThe Quilizers (Page-23), Tools Of The Trade (Page-121), Marketing Mayhem (Page-179), Tour De Force (Page-273), Peril And Possibility (Page-439). | ||
| 650 | 0 |
_aArms race. _947040 |
|
| 650 | 0 |
_aBiological weapons _zDeveloping countries. _9109429 |
|
| 650 | 0 |
_aChemical weapons _zDeveloping countries. _9109430 |
|
| 650 | 0 |
_aNuclear weapons _zDeveloping countries. _9109431 |
|
| 650 | 0 |
_aWorld politics _y1989- |
|
| 651 | 0 |
_aDeveloping countries _xArmed Forces _xWeapons systems. _9109432 |
|
| 700 | 1 |
_aWindrem, Robert. _9109433 |
|
| 942 |
_2ddc _cBK |
||
| 999 |
_c184678 _d184678 |
||